000 00615nam a22001817a 4500
005 20141110104034.0
008 141110b xxu||||| |||| 00| 0 eng d
020 _a9780273768593
050 _aQA 76.9.C66
_b.B112 2013
100 _aBaase, Sara.
245 _aA gift of fire :
_bsocial, legal, and ethical issues for computing technology /
_cSara Baase.
250 _a4th ed.
260 _aUpper Saddle River, NJ :
_bPearson,
_cc2013.
300 _axviii, 476 pages :
_billustrations ;
_c24 cm.
650 _aComputers
_xSocial aspects.
650 _aComputers
_xMoral and ethical aspects.
942 _2lcc
_cBK
_kFOR
999 _c276747
_d276747